Every Premier League Goalscorer (2024/25) - Statistics

General Stats
  • This quiz has been taken 3,399 times
    1,854 since last reset
  • The average score is 103 of 264
Answer Stats
Player Club % Correct
Bukayo Saka Arsenal
90%
Mohamed Salah Liverpool
87%
Cole Palmer Chelsea
84%
Erling Haaland Manchester City
83%
Gabriel Martinelli Arsenal
83%
Kai Havertz Arsenal
83%
Bruno Fernandes Manchester United
82%
Martin Ødegaard Arsenal
82%
Declan Rice Arsenal
81%
Jamie Vardy Leicester City
81%
Gabriel Magalhães Arsenal
80%
Ollie Watkins Aston Villa
79%
Luis Díaz Liverpool
78%
William Saliba Arsenal
78%
Nicolas Jackson Chelsea
76%
Virgil van Dijk Liverpool
76%
Alexander Isak Newcastle United
75%
Gabriel Jesus Arsenal
75%
Heung-min Son Tottenham Hotspur
74%
Darwin Núñez Liverpool
73%
Trent Alexander-Arnold Liverpool
73%
Chris Wood Nottingham Forest
72%
Bryan Mbeumo Brentford
71%
Cody Gakpo Liverpool
70%
Diogo Jota Liverpool
70%
Eberechi Eze Crystal Palace
70%
Leandro Trossard Arsenal
70%
Alexis Mac Allister Liverpool
69%
Enzo Fernández Chelsea
69%
Phil Foden Manchester City
69%
Jean-Philippe Mateta Crystal Palace
67%
Rasmus Højlund Manchester United
66%
Bernardo Silva Manchester City
65%
Dominik Szoboszlai Liverpool
65%
Ibrahima Konaté Liverpool
65%
Kevin De Bruyne Manchester City
65%
Marcus Rashford Aston Villa | Manchester United
65%
Mikel Merino Arsenal
65%
Moisés Caicedo Chelsea
64%
Brennan Johnson Tottenham Hotspur
63%
Dominic Solanke Tottenham Hotspur
63%
Jarrod Bowen West Ham United
63%
Liam Delap Ipswich Town
63%
Matheus Cunha Wolverhampton Wanderers
63%
Ben Johnson Ipswich Town
62%
Harry Maguire Manchester United
62%
Jota Silva Nottingham Forest
62%
Yoane Wissa Brentford
62%
Anthony Gordon Newcastle United
61%
Reece James Chelsea
61%
Thomas Partey Arsenal
61%
Alejandro Garnacho Manchester United
58%
Bruno Guimarães Newcastle United
58%
Rico Lewis Manchester City
58%
Jack Grealish Manchester City
57%
Kaoru Mitoma Brighton & Hove Albion
57%
Marc Cucurella Chelsea
57%
Morgan Gibbs-White Nottingham Forest
57%
Anthony Elanga Nottingham Forest
56%
James Maddison Tottenham Hotspur
56%
Jérémy Doku Manchester City
56%
Noni Madueke Chelsea
56%
Omar Marmoush Manchester City
56%
Pedro Neto Chelsea
56%
Richarlison Tottenham Hotspur
56%
Harry Wilson Fulham
55%
Amad Diallo Manchester United
54%
Curtis Jones Liverpool
54%
Dejan Kulusevski Tottenham Hotspur
54%
John McGinn Aston Villa
54%
John Stones Manchester City
54%
Morgan Rogers Aston Villa
54%
Myles Lewis-Skelly Arsenal
54%
Raúl Jiménez Fulham
54%
Antoine Semenyo AFC Bournemouth
53%
Cristian Romero Tottenham Hotspur
53%
Casemiro Manchester United
52%
João Pedro Brighton & Hove Albion
52%
Mateus Fernandes Southampton
52%
Ethan Nwaneri Arsenal
51%
Ismaïla Sarr Crystal Palace
51%
Joshua Zirkzee Manchester United
51%
Joško Gvardiol Manchester City
51%
Jurriën Timber Arsenal
51%
Pape Matar Sarr Tottenham Hotspur
51%
Dominic Calvert-Lewin Everton
50%
İlkay Gündoğan Manchester City
50%
Justin Kluivert AFC Bournemouth
50%
Beto Everton
49%
Danny Welbeck Brighton & Hove Albion
49%
Jadon Sancho Chelsea
49%
Matty Cash Aston Villa
49%
Savinho Manchester City
49%
Youri Tielemans Aston Villa
49%
Joelinton Newcastle United
48%
Riccardo Calafiori Arsenal
48%
Dan Burn Newcastle United
47%
Harvey Barnes Newcastle United
47%
Ezri Konsa Aston Villa
46%
Marc Guéhi Crystal Palace
46%
Pedro Porro Tottenham Hotspur
46%
Evanilson AFC Bournemouth
45%
Harvey Elliott Liverpool
45%
Jacob Murphy Newcastle United
45%
Callum Hudson-Odoi Nottingham Forest
44%
Fabian Schär Newcastle United
44%
Jhon Durán Aston Villa
44%
Milos Kerkez AFC Bournemouth
44%
Sandro Tonali Newcastle United
44%
Levi Colwill Chelsea
43%
Jørgen Strand Larsen Wolverhampton Wanderers
42%
Leon Bailey Aston Villa
42%
Amadou Onana Aston Villa
41%
Christian Nørgaard Brentford
41%
Mohammed Kudus West Ham United
41%
Murillo Nottingham Forest
41%
Dean Huijsen AFC Bournemouth
40%
James Tarkowski Everton
40%
Lucas Paquetá West Ham United
40%
Matthijs de Ligt Manchester United
40%
Daniel Muñoz Crystal Palace
39%
Iliman Ndiaye Everton
39%
Lisandro Martínez Manchester United
39%
Elliot Anderson Nottingham Forest
38%
Marco Asensio Aston Villa
38%
Mason Mount Manchester United
38%
Mateo Kovačić Manchester City
38%
Michail Antonio West Ham United
38%
Nikola Milenković Nottingham Forest
38%
Tomáš Souček West Ham United
38%
Alex Iwobi Fulham
37%
Neco Williams Nottingham Forest
37%
Rodrigo Muniz Fulham
37%
Adama Traoré Fulham
36%
Emile Smith Rowe Fulham
36%
Kevin Schade Brentford
36%
Eddie Nketiah Crystal Palace
35%
Jacob Ramsey Aston Villa
35%
João Gomes Wolverhampton Wanderers
35%
Mikkel Damsgaard Brentford
35%
Trevoh Chalobah Crystal Palace
35%
Chrirstopher Nkunku Chelsea
34%
Manuel Ugarte Manchester United
34%
Matheus Nunes Manchester City
34%
Omari Hutchinson Ipswich Town
34%
Rodrigo Gomes Wolverhampton Wanderers
34%
Yves Bissouma Tottenham Hotspur
34%
Ola Aina Nottingham Forest
33%
Rodrigo Bentancur Tottenham Hotspur
33%
Boubacar Kamara Aston Villa
32%
Christian Eriksen Manchester United
32%
Niclas Füllkrug West Ham United
31%
Tosin Adarabioyo Chelsea
31%
James Ward-Prowse West Ham United
30%
Wout Faes Leicester City
30%
Abdoulaye Doucouré Everton
29%
Adam Armstrong Southampton
29%
Axel Disasi Chelsea
29%
James McAtee Manchester City
29%
Lewis Cook AFC Bournemouth
29%
Rayan Aït-Nouri Wolverhampton Wanderers
29%
Dwight McNeil Everton
28%
Michael Keane Everton
28%
Tyler Dibling Southampton
28%
Carlos Baleba Brighton & Hove Albion
27%
Mathys Tel Tottenham Hotspur
27%
Nico González Manchester City
27%
Yankuba Minteh Brighton & Hove Albion
27%
Aaron Wan-Bissaka West Ham United
26%
Chris Richards Crystal Palace
26%
Dango Ouattara AFC Bournemouth
26%
Evan Ferguson Brighton & Hove Albion
26%
Jordan Ayew Leicester City
26%
Nico O'Reilly Manchester City
26%
Andreas Pereira Fulham
25%
Ben Chilwell Crystal Palace
25%
Djed Spence Tottenham Hotspur
25%
Hee-chan Hwang Wolverhampton Wanderers
25%
Maxence Lacroix Crystal Palace
25%
Donyell Malen Aston Villa
24%
João Félix Chelsea
24%
Marcus Tavernier AFC Bournemouth
24%
Nathan Collins Brentford
24%
Stephy Mavididi Leicester City
24%
Taiwo Awoniyi Nottingham Forest
24%
Calvin Bassey Fulham
23%
Danny Ings West Ham United
23%
Ian Maatsen Aston Villa
23%
James Justin Leicester City
23%
Leif Davis Ipswich Town
23%
Tyrique George Chelsea
23%
Ryan Yates Nottingham Forest
22%
David Brooks AFC Bournemouth
21%
Ethan Pinnock Brentford
21%
Julio Enciso Ipswich Town
21%
Keane Lewis-Potter Brentford
21%
Lewis Miley Newcastle United
21%
Patson Daka Leicester City
21%
Ryan Christie AFC Bournemouth
21%
Vitaly Janelt Brentford
21%
Bilal El Khannouss Leicester City
20%
Jack Hinshelwood Brighton & Hove Albion
20%
Ashley Young Everton
19%
Facundo Buonanotte Leicester City
19%
Jan Bednarek Southampton
19%
Reiss Nelson Fulham
19%
Georginio Rutter Brighton & Hove Albion
18%
Paul Onuachu Southampton
18%
Ross Barkley Aston Villa
18%
Tom Cairney Fulham
18%
Wilson Odobert Tottenham Hotspur
18%
Conor Coady Leicester City
17%
Crysencio Summerville West Ham United
17%
Sam Morsy Ipswich Town
17%
Simon Adingra Brighton & Hove Albion
17%
Tariq Lamptey Brighton & Hove Albion
17%
Cameron Archer Southampton
16%
Emerson Palmieri West Ham United
16%
Enes Ünal AFC Bournemouth
16%
Matt Doherty Wolverhampton Wanderers
16%
Sam Szmodics Ipswich Town
16%
William Osula Newcastle United
16%
Jake O'Brien Everton
15%
Matt O'Riley Brighton & Hove Albion
15%
Bobby Decordova-Reid Leicester City
14%
Carlos Alcaraz Everton
14%
Jean-Ricner Bellegarde Wolverhampton Wanderers
14%
Ryan Sessegnon Fulham
14%
Taylor Harwood-Bellis Southampton
14%
Fábio Carvalho Brentford
13%
Jacob Greaves Ipswich Town
13%
Jaden Philogene Ipswich Town
13%
Pablo Sarabia Wolverhampton Wanderers
13%
Ferdi Kadıoğlu Brighton & Hove Albion
12%
Jack Stephens Southampton
12%
Kamaldeen Sulemana Southampton
12%
Mario Lemina Wolverhampton Wanderers
12%
Romain Esse Crystal Palace
12%
Yasin Ayari Brighton & Hove Albion
12%
George Hirst Ipswich Town
11%
Joe Aribo Southampton
11%
Luis Sinisterra AFC Bournemouth
11%
Marshall Munetsi Wolverhampton Wanderers
11%
Mats Wieffer Brighton & Hove Albion
11%
Will Smallbone Southampton
11%
Conor Chaplin Ipswich Town
10%
Gonçalo Guedes Wolverhampton Wanderers
10%
Jens Cajuste Ipswich Town
10%
Justin Devenny Crystal Palace
10%
Lesley Ugochukwu Southampton
10%
Yukinari Sugawara Southampton
10%
Carlos Soler West Ham United
9%
Jack Taylor Ipswich Town
9%
Ramón Sosa Nottingham Forest
9%
Emmanuel Agbadou Wolverhampton Wanderers
8%
Flynn Downes Southampton
8%
Kasey McAteer Leicester City
8%
Orel Mangala Everton
8%
Caleb Okoli Leicester City
7%
Daniel Jebbison AFC Bournemouth
7%
Nathan Broadhead Ipswich Town
7%
Ross Stewart Southampton
7%
Matheus França Crystal Palace
6%
No matching quizzes found
Score Distribution
Percent of People with Each Score
Percentile by Number Answered
Your Score History
You have not taken this quiz since the last reset